Statistics for Objects by Picture - K

Click here to take the quiz!

General Stats

  • This quiz has been taken 313 times
  • The average score is 13 of 15

Answer Stats

Answer% Correct
Key
99%
Knife
99%
Keyboard
98%
Kitchen
98%
Kiwi
98%
Koala
98%
Kite
95%
Kangaroo
93%
Knot
92%
Kayak
89%
Kilt
81%
Keg
73%
Kettle
66%
Kazoo
53%
Kremlin
44%

Score Distribution

Percentile by Number Answered

Percent of People with Each Score

Your Score History

You have not taken this quiz